000 04229cam a22003495i 4500
999 _c27658
_d27629
001 19495035
003 EG-ScBUE
005 20190929144551.0
008 170210t2017 nyu f b 001 0 eng d
020 _a9780190649203
040 _aDGU/DLC
_beng
_erda
_cDGU
_dDLC
_dEG-ScBUE
043 _aaw-----
_af------
_aa------
082 0 4 _a320.557
_bRET
_222
245 0 0 _aRethinking political Islam /
_cedited by Shadi Hamid, William McCants.
264 1 _aNew York, NY, United States of America ;
_aOxford :
_bOxford University Press,
_c[2017]
264 4 _cc2017
300 _axviii, 377 pages ;
_c25 cm
336 _atext
_btxt
_2rdacontent
337 _aunmediated
_bn
_2rdamedia
338 _avolume
_bnc
_2rdacarrier
504 _aIncludes bibliographical references and index.
505 0 _aIntroduction: Shadi and William -- Egypt / by Steven Brooke -- Tunisia / by Monia Marks -- Morocco / by Avi Max Spiegel -- Syria / by Raphaël Lefèvre -- Yemen / by Stacey Philbrick Yadav -- Libya / by Omar Ashour -- Saudi Arabia / by Toby Matthiesen -- Kuwait / by Courtney Freer -- Jordan / by David Siddhartha Patel -- Pakistan / by Matthew Nelson -- Southeast Asia / by Joseph Chinyong Liow -- Islamism and U.S. foreign policy / Peter Mandaville -- Politics or piety? Why the Muslim brotherhood engages in social service provision / Amr Darrag, Freedom and Justice party leader, in conversation with Steven Brooke -- Ennahda from within: Islamists or "Muslim Democrats"? / Sayida Ounissi, Ennahda member of the Tunisian Parliament, in conversation with Monica Marks -- Is the crackdown on the muslim brotherhood pushing the group toward violence? Ammar Fayed, Muslim Brotherhood -The Islamist experience in Pakistan / Asif Luqman Qazi, Jamaat-e-Islami # More than the Muslim brotherhood: the problem of Hamas and Jordan's Islamic Movement # Nael al-Masalba, of the Jordnaian Muslim Brotherhood in conversation with Shadi Hamid # How much do organizational structures matter? / Jacob Olidort in conversation with Raphaël Lefèvre -- How "religious" are ISIS fighters? The relationship between religious Literacy and the Religious movement "The relationship between religious literacy and religious motivation" / by Andrew Lebovich -- "Does islamism have an intellectual deficit?" / by Ovamir Anjum.
520 _aThe "twin shocks" of the Egyptian coup and the rise of ISIS have challenged conventional wisdom on political Islam, forcing scholars and Muslim activists to reconsider some of the basic assumptions about Sunni Islamist movements. While ISIS and other jihadist groups garner the most media attention, the vast majority of Islamists are of the mainstream variety, seeking gradual change and participating in parliamentary politics when they're allowed to. It is these groups that are the focus of this book. They not only represent the future of what we call "political Islam," but they also - in their own struggles adapting to the changes of recent years - provide a fascinating window into a rapidly changing Middle East. The breadth of the book is expansive, covering the experience of Islamist groups in twelve countries: Egypt, Tunisia, Morocco, Syria, Yemen, Libya, Saudi Arabia, Kuwait, Jordan, and Pakistan, as well as Malaysia and Indonesia. In each of these cases, contributors consider how Muslim Brotherhood and Brotherhood-inspired Islamist movements have grappled with fundamental questions, including gradual versus revolutionary approaches to change, the use of tactical or situational violence, attitudes toward the nation-state, and how ideology and political variables interact. The case studies include authoritarian and democratic states and are not solely focused on the Arab world, allowing readers to consider a greater diversity of Islamist experiences.
610 2 7 _aIkhwān al-Muslimūn.
_2BUEsh
650 7 _aIslam and politics
_zMiddle East.
_2BUEsh
_911983
651 7 _aMiddle East
_xPolitics and government
_y21st century.
_2BUEsh
651 7 _aIslamic countries
_xPolitics and government
_y21st century.
_2BUEsh
653 _bMASPPSS
_cSeptember2019
700 1 _aHamid, Shadi,
_d1983-
_eeditor.
700 1 _aMcCants, William F.
_q(William Faizi),
_d1975-
_eeditor.
942 _2ddc
_cBB